| 000 | 00444nam a22001577a 4500 | ||
|---|---|---|---|
| 999 |
_c40942 _d40942 |
||
| 003 | OSt | ||
| 005 | 20210216105328.0 | ||
| 008 | 210216b ||||| |||| 00| 0 eng d | ||
| 040 | _coclc | ||
| 082 |
_a660.6 _bDUB/T |
||
| 100 | _aDubey, R C | ||
| 245 |
_aA Textbook Of Biotechnology / _cR C Dubey |
||
| 260 |
_aNew Delhi: _bS Chand And Company, _c1998. |
||
| 300 | _a1998. | ||
| 942 |
_cBK _2ddc _h660.6 _iDUB/T _k660.6 _mDUB/T |
||